Media servers for lighting programmers : (Record no. 19884)

MARC details
000 -LEADER
fixed length control field 01026cam a22002895i 4500
001 - CONTROL NUMBER
control field 17846124
003 - CONTROL NUMBER IDENTIFIER
control field EG-ScBUE
005 - DATE AND TIME OF LATEST TRANSACTION
control field 20230202110527.0
008 - FIXED-LENGTH DATA ELEMENTS--GENERAL INFORMATION
fixed length control field 130809s2014 maua f b 001 0 eng d
020 ## - INTERNATIONAL STANDARD BOOK NUMBER
International Standard Book Number 9780415721899 (pbk.)
020 ## - INTERNATIONAL STANDARD BOOK NUMBER
Cancelled/invalid ISBN 9781315858944 (ebook)
040 ## - CATALOGING SOURCE
Original cataloging agency DLC
Language of cataloging eng
Description conventions rda
Transcribing agency DLC
Modifying agency DLC
-- EG-ScBUE
082 04 - DEWEY DECIMAL CLASSIFICATION NUMBER
Classification number 777.52
Edition number 22
Item number CLA
100 1# - MAIN ENTRY--PERSONAL NAME
Personal name Claiborne, Vickie,
Relator term author.
9 (RLIN) 38544
245 10 - TITLE STATEMENT
Title Media servers for lighting programmers :
Remainder of title a comprehensive guide to working with digital lighting /
Statement of responsibility, etc Vickie Claiborne.
264 #1 - PUBLICATION, DISTRIBUTION, ETC. (IMPRINT)
Place of publication, distribution, etc Burlington ; Oxon :
Name of publisher, distributor, etc Focal Press / Taylor & Francis Group,
Date of publication, distribution, etc 2014.
300 ## - PHYSICAL DESCRIPTION
Extent xviii, 224 pages :
Other physical details color illustrations ;
Dimensions 24 cm
336 ## - CONTENT TYPE
Source rdacontent
Content type term text
Content type code txt
337 ## - MEDIA TYPE
Source rdamedia
Media type term unmediated
Media type code n
338 ## - CARRIER TYPE
Source rdacarrier
Carrier type term volume
Carrier type code nc
504 ## - BIBLIOGRAPHY, ETC. NOTE
Bibliography, etc Includes bibliographical references and index.<br/>
650 #7 - SUBJECT ADDED ENTRY--TOPICAL TERM
Topical term or geographic name as entry element Digital control systems.
Source of heading or term BUEsh
9 (RLIN) 19120
651 ## - SUBJECT ADDED ENTRY--GEOGRAPHIC NAME
Source of heading or term BUEsh
653 ## - INDEX TERM--UNCONTROLLED
Resource For college Communication and mass media
Arrived date list June2015
-- October2015
655 ## - INDEX TERM--GENRE/FORM
Form subdivision Reading book
942 ## - ADDED ENTRY ELEMENTS (KOHA)
Source of classification or shelving scheme Dewey Decimal Classification
Koha item type Book - Borrowing
Holdings
Withdrawn status Lost status Source of classification or shelving scheme Damaged status Not for loan Collection code Home library Current library Shelving location Date acquired Source of acquisition Cost, normal purchase price Serial Enumeration / chronology Total Checkouts Total Renewals Full call number Barcode Date last seen Date checked out Cost, replacement price Koha item type
    Dewey Decimal Classification     Alahram Central Library Central Library Second Floor 24/06/2015 Purchase 324.00 435 2 29 777.52 CLA 000038689 15/07/2025 14/10/2018 405.00 Book - Borrowing